Trvalé úlohy súčasnej lyriky Zhovárame sa s Jánom Zamborom

Bibliographic Details
Main Authors: Sulík, Ivan, 1943-2021 (Author), Zambor, Ján, 1947- (Author)
Format: Article
Language:Slovak
PhysicalDescription:Nedeľa, príloha Nového slova, č. 8, s. 8.
Subjects:

MARC

LEADER 00000nab a2200000 a 4500
001 vtls000177164
003 SK-MaSNL
005 20260303122406.0
008 160215c1984 xo 0 slo
015 |a SNBRB19rr/mm-uuuuu 
035 |a CL0187277 
040 |a SNKBUCL  |b slo  |c SNKBUCL  |e AACR2 
041 0 |a slo 
044 |a xo  |c SK 
080 |a 82:929:885.4  |2 1981 
080 |a 929  |2 1981 
080 |a 885.4  |2 1981 
100 1 |a Sulík, Ivan,  |d 1943-2021  |4 aut  |9 223328 
245 1 0 |a Trvalé úlohy súčasnej lyriky  |b Zhovárame sa s Jánom Zamborom  |c Ivan Sulík, Ján Zambor 
300 |b Nedeľa, príloha Nového slova, č. 8, s. 8. 
600 1 7 |a Zambor, Ján,  |d 1947-  |2 snkbucl  |9 106743 
650 0 7 |a básne reflexívne  |2 snkbucl  |9 898242 
655 7 |a články z novín a časopisov  |2 snkbucl  |9 267496 
655 7 |a články z odboru literárna veda a krásna literatúra  |2 snkbucl  |9 770045 
700 1 |a Zambor, Ján,  |d 1947-  |4 aut  |9 106743 
773 0 |t Nové slovo  |g Roč. 26, č. 8 (1984) 
850 |a Slovenská národná knižnica v Martine  |a MTA001 
852 |a SNK  |b KIS3GCP 
958 |a BX 
958 |a RK 
958 |a LX 
992 |a RBX 
999 |c 1920754  |d 1922684